000 00543cam a22001457a 4500
008 180718b2008 xxu||||| |||| 00| 0 eng d
082 _aK85x54 P973
100 _aPuri, V.K.
245 _aCompilation of govt. acceptancece orders for Pensioners under sixth pay commission report incorporating: resolution, notification & ready reckoner
_cBy V.K. Puri
260 _aNew Delhi
_bJBA
_c2008
300 _a84p.
650 _aPensions - India
650 _aIndia -- Officials and employees -- Law and legislation
650 _aCivil Service -- India
999 _c503049
_d503049